000 00500nam a2200193Ia 4500
005 20240823025844.0
008 240823s9999||||xx |||||||||||||| ||und||
020 _a978-81-7319-978-3
041 _aENGLISH
082 _A515 Q0
100 _aSomasundaram D
245 2 _aA Second Course in Mathematical analysis
250 _a1st
260 _c2010
_bNarosa Book Distributors Pvt.
_aChennai
500 _aYES
650 _aMathematical Analysis
_bMathematics
942 _cBK
999 _c187310
_d187310